Reducing of Energy Consumption in Black Liquor Evaporation Train by Modifying the Organic Fraction therein.
Salvato in:
| Autore principale: | |
|---|---|
| Altri autori: | |
| Natura: | Manoscritto Libro |
| Lingua: | slovacco inglese |
| Pubblicazione: |
2019
|
| Soggetti: | |
| Accesso online: | http://is.stuba.sk/zp/portal_zp.pl?podrobnosti=144417 |
| Tags: |
Nessun Tag, puoi essere il primo ad aggiungerne!!
|
MARC
| LEADER | 00000ntm a22000003a 4500 | ||
|---|---|---|---|
| 001 | stuzp74824 | ||
| 003 | SK-STU | ||
| 005 | 20190622212242.0 | ||
| 007 | ta | ||
| 008 | 150427s2015----xo-----f-mn---000-0-slo-d | ||
| 040 | |a STU |b slo | ||
| 041 | 0 | |a eng | |
| 100 | 1 | |a Podhradská, Simona |u 046230 |4 aut |U FCHPT Ústav chemického a environmentálneho inžinierstva |T FCHPT Oddelenie chemického a biochemického inžinierstva |X 82105 |U C6230 |Y 119 |7 82105 | |
| 242 | 0 | 1 | |a Zníženie spotreby energie v odparke na zahusťovanie čierneho lúhu modifikáciou organickej fázy v ňom |y slo |
| 245 | 1 | 0 | |a Reducing of Energy Consumption in Black Liquor Evaporation Train by Modifying the Organic Fraction therein. |
| 260 | |c 2019 | ||
| 650 | 4 | |a čierny lúh |2 slo | |
| 650 | 4 | |a znižovanie viskozity |2 slo | |
| 650 | 4 | |a koeficient prestupu tepla |2 slo | |
| 650 | 4 | |a ultrazvuk |2 slo | |
| 650 | 4 | |a black liquor |2 eng | |
| 650 | 4 | |a ultrasound |2 eng | |
| 650 | 4 | |a heat transfer coefficient |2 eng | |
| 650 | 4 | |a reducing viscosity |2 eng | |
| 700 | 1 | |a Timár, Pavel |u 046230 |k Z1 |4 ths |U FCHPT Ústav chemického a environmentálneho inžinierstva |T FCHPT Oddelenie chemického a biochemického inžinierstva |X 1772 |U C6230 |Y 119 |7 A000001772 | |
| 856 | 4 | |u http://is.stuba.sk/zp/portal_zp.pl?podrobnosti=144417 | |